000 00867cam a2200265 a 4500
001 22562
003 BD-RjUL
005 20211209000824.0
008 140308s1957 ru 000 1 eng
020 _a5050016916
035 _a(BD-RjUL)22627
040 _aDLC
_cDLC
_dBD-RjUL
_beng
041 1 _aengrus
082 _a891.73
_bOBP 1957
100 1 _aObruchev, V. A.
_q(Vladimir Afanasʹevich),
_d1863-1956.
_969639
245 1 0 _aPlutonia /
_cVladimir Obruchev ; translated by Fainna Solasko.
260 _aMoscow :
_bRaduga Publishers ;
_aChicago, Ill. :
_bImported by Imported Publications, Inc.,
_c1957
300 _a405 p. :
_c17 cm.
500 _aTranslation of: Plutonii︠a︡.
500 _aImporter from label on cover.
942 _2ddc
_cBK
999 _c22562
_d22562